Catálogo

EL CULTIVO DE PIMIENTOS, CHILES Y AJIES (Registro nro. 50421)

Detalles MARC
000 -LEADER
fixed length control field 01115nam a2200217 a 4500
001 - CONTROL NUMBER
control field 50421
005 - DATE AND TIME OF LATEST TRANSACTION
control field 20180714035459.0
008 - FIXED-LENGTH DATA ELEMENTS--GENERAL INFORMATION
fixed length control field 140415s2003 sp 000 0 spa d
020 ## - INTERNATIONAL STANDARD BOOK NUMBER
International Standard Book Number 8471146096
041 ## - LANGUAGE CODE
Language code of text/sound track or separate title spa
082 ## - DEWEY DECIMAL CLASSIFICATION NUMBER
Classification number 633.84
Item number NUE
100 1# - MAIN ENTRY--PERSONAL NAME
Personal name NUEZ VIÑALS, FERNANDO
245 13 - TITLE STATEMENT
Title EL CULTIVO DE PIMIENTOS, CHILES Y AJIES
250 ## - EDITION STATEMENT
Edition statement 1a ed.
260 ## - PUBLICATION, DISTRIBUTION, ETC.
Place of publication, distribution, etc. ESPAÑA :
Name of publisher, distributor, etc. EDICIONES MUNDI-PRENSA,
Date of publication, distribution, etc. 2003
300 ## - PHYSICAL DESCRIPTION
Extent 693
Dimensions 17.2 x 3.2 x 24
490 ## - SERIES STATEMENT
Series statement ANIMAL AGRICULTURE SERIES
520 ## - SUMMARY, ETC.
Summary, etc. EL CULTIVO DE PIMIENTOS, CHILES O AJIES ES UNO DE LOS MAS EXTENDIOSOS DE TODO EL MUNDO Y PARTICULARMENTE EN ESPAÑA Y AMERICA, PRESISAMENTE POR QUE ESTA OBRA VA ORIENTADA TANTO AL LECTOR ESPAÑOL COMO HISPANOAMARICANO SE HAN LLEVADO AL TITULO DEL LIBRO DOS TERMINOS PROXIMOS A LA COZ PIMIENTO, COMO SON CHILE, DENOMINACION CORRIENTE EN MEXICO Y PAISES PROXIMIS Y AJI VOS PARTICULARMENTE UTILIZADA EN SUDAMERICA, GRAN DESARROLLO TECNOLOGICO QUE ESTA EXPERIMETADO LA HORTICULTURA NO ES AJENO AL
650 14 - SUBJECT ADDED ENTRY--TOPICAL TERM
Topical term or geographic name entry element AJI
General subdivision AGRICULTURA
700 1# - ADDED ENTRY--PERSONAL NAME
Personal name GIL ORTEGA, RAMIRO -COSTA GARCÍA, JOAQUÍN
Relator term coaut.
Existencias
Withdrawn status Lost status Source of classification or shelving scheme Damaged status Not for loan Collection code Home library Current library Shelving location Date acquired Source of acquisition Inventory number Total Checkouts Full call number Barcode Date last seen Date last checked out Price effective from Koha item type
    Dewey Decimal Classification     General Biblioteca Karol Wojtyla Biblioteca Karol Wojtyla Sala general 03/12/2013 Compra 151000000000000000011851   633.84 NUE 75180 05/01/2026 23/10/2017 03/12/2013 Libro